| 000 | 00687cam a2200217 4500 | ||
|---|---|---|---|
| 001 | BIIH001441 | ||
| 008 | 1942 spa | ||
| 035 | _aBIIH001441 | ||
| 050 | 4 |
_aPQ2474 _bV55 1942 |
|
| 100 | 1 | _aVigny, Alfredo de | |
| 245 | 0 |
_aServidumbre y grandeza militares = (servitude et grandeur militaires) / _cAlfredo de Vigny ; tr. directa del francés de José Frexas. |
|
| 260 |
_aBuenos Aires : _bSopena, _c1942 |
||
| 300 |
_a158 p. ; _c22 cm. |
||
| 440 | 0 | _aUniverso | |
| 500 | _aTexto integro | ||
| 500 | _a1 ejemplar | ||
| 650 | 4 | _aLiteratura francesa siglo XIX | |
| 650 | 4 |
_aLiteratura _xProsa _xFrancia |
|
| 700 | 1 |
_aFrexas , José, _etr. |
|
| 942 |
_2lcc _cLIB |
||
| 999 |
_c71671 _d71671 |
||